000 01489nam0a22003131 4500
001 rc\4760253
005 20250613074726.0
021 _aRU
_b[61-11059]
035 _a(NLR Aleph) 009016417
090 _a9400500
_c9400500
100 _a20130417d1961 |||y0rusy50 ca
101 1 _arus
_cbel
102 _aRU
105 _aa z |||a|
200 1 _aПереправа
_e[Рассказы
_eПер. с белорус.
_fИл.: Г. Балашов
_g[Гл. полит. упр. Советской Армии и Воен.-Мор. Флота]
210 _aМосква
_cБ. и.
_d1961]
215 _a48 с.
_cил.
_d17
225 1 _aБиблиотечка журнала "Советский воин"
_v№ 1 (404)
327 1 _aСодерж.: Переправа; Поединок; Пачка концентрата; Годы спустя...; Жив-жив!
464 0 _12001#$aПереправа$aПоединок$aПачка концентрата$aГоды спустя...$aЖив-жив!
_tЖив-жив!
606 _aВеликая Отечественная война 1941-1945 гг. (х. л.)
_2psbo
606 _aСоветская Армия на фронтах Великой Отечественной войны 1941-1945 гг. (х. л.)
_2psbo
700 1 _aЛупсяков
_bН.Р.
_gНиколай Родионович
702 1 _aБалашов
_bГ.
_4440
801 0 _aRU
_bNLR
_gpsbo
801 1 _aRU
_bELAR
_2rusmarc
852 _aNLR
_j61-2/502
942 _cBOOK
980 _aNB